000 00293nam a2200133 4500
008 190522s ||||CZ d
245 1 0 _aPochopení zázraku života
100 1 _aUspenskij Peter
_91132
250 _a1.vydanie
020 _c0
041 1 _acze
044 _aCZ
958 _aAUL
999 _c22433
_d22433